Qüestionari per a l'examen d'ingrés / Generalitat de Catalunya. Escola de Bibliotecàries
Descripción Física:
6 p. ; 22 cm
Materias:
Escola de Bibliotecàries -- Exàmens
MARC
| LEADER | 00000nam a2200000Ia 4500 | ||
|---|---|---|---|
| 001 | 9293 | ||
| 008 | 160829s1931 xx 000 0 cat d | ||
| 080 | |a RF-6-71 | ||
| 110 | 2 | |a Escola de Bibliotecàries |9 54304 | |
| 245 | |a Qüestionari per a l'examen d'ingrés / Generalitat de Catalunya. Escola de Bibliotecàries | ||
| 260 | |a Barcelona : |b (Imp. Casa Caritat), |c 1931 | ||
| 300 | |a 6 p. ; |c 22 cm | ||
| 590 | |a Vegeu a més: Escola Universitària Jordi Rubió i Balaguer de Biblioteconomia i Documentació. | ||
| 650 | |a Escola de Bibliotecàries |x Exàmens |9 29010 | ||
| 856 | 4 | |u https://media.diba.cat/diba/fitxers/arxiu/fulletons/bib_9293_1931_baixa.pdf |y Accés lliure | |
| 856 | 4 | |u https://media.diba.cat/diba/fitxers/arxiu/fulletons/bib_9293_1931_baixa.pdf |y Accés lliure | |
| 901 | |a Arxiu | ||
| 942 | |n 1 |2 udc | ||
| 952 | |0 0 |1 0 |4 0 |6 RF671 |7 1 |9 45010 |a Arxiu |b Arxiu |d 2016-12-01 |l 0 |o RF-6-71 |p 9293 |r 2016-12-01 00:00:00 |w 2016-12-01 |y ARXIU | ||
| 999 | |c 47614 |d 47614 | ||
| 900 | |a bib_9293_1931_baixa.pdf | ||